00333nam a2200121Ia 4500008004100000041000800041082001400049100001700063245005900080260003600139300001900175999001700194241028s9999 xx 000 0 und d aeng a123.3 KLA aKlaas Briian aFLUKE : Chance, chaos,and why everything we do matters bJohn Murray pressaLondonc2024 a316;. P. 23 cm c43133d43133